000 00477cam a2200205ua 4500
001 10111
005 20260515114553.0
008 170331n ii |||gr||||Z||||||asm
040 _cMAIN
041 _aasm
082 _a338.5
100 _aAhmed, Rofique,
_eAuthor.
245 _aByastigata arthabigyan II
_cBy Rofique Ahmed
250 _a2nd ed.
260 _aJorhat:
_bUnika,
_c2015.
300 _a334p.
653 _aProduction
653 _aMicroeconomics
942 _cBK
999 _c9101
_d9101